Kinetics and mechanism of As2S3(am) dissolution under N2 /

में बचाया:
ग्रंथसूची विवरण
मुख्य लेखक: Floroiu, Ruxandra M.
अन्य लेखक: Davis, Allen P., Torrents, Alba.
स्वरूप: लेख
भाषा:English
विषय:
टैग : टैग जोड़ें
कोई टैग नहीं, इस रिकॉर्ड को टैग करने वाले पहले व्यक्ति बनें!
Thư viện lưu trữ: Thư viện Trường Đại học Đà Lạt
LEADER 00984nam a2200337 4500
001 DLU090094418
005 ##20091201
040 # # |a DLU  |b eng 
041 # # |a eng 
044 # # |a us 
100 # # |a Floroiu, Ruxandra M. 
245 # # |a Kinetics and mechanism of As2S3(am) dissolution under N2 /  |c Ruxandra M. Floroiu, Allen P. Davis, Alba Torrents. 
653 # # |a Anaerobe 
653 # # |a Arsenic 
653 # # |a Dissolution 
653 # # |a Geochemistry 
653 # # |a Hydrochemistry 
653 # # |a Reaction mechanism 
653 # # |a Speciation 
700 # # |a Davis, Allen P. 
700 # # |a Torrents, Alba. 
773 # # |t Environmental Science & Technology  |g Vol. 38, no. 4 (February 2004), p. 1031-1037 
920 # # |a Phòng Tạp chí -- Trung tâm Thông tin - Thư viện Trường Đại học Đà Lạt 
994 # # |a DLU 
900 # # |a True 
911 # # |a Trương Bảo Trâm Anh 
925 # # |a G 
926 # # |a A 
927 # # |a BB 
980 # # |a Thư viện Trường Đại học Đà Lạt